000
00280 a2200109 4500
001
62600
082
_a
352.002 GOP
090
_c
37204
_d
37204
245
_a
Ombudsman (Mohtasib) Punjab Annual Report (2002)
_h
English
260
_a
Lahore
_b
Obb Punjab Lahore
300
_a
265 XV p
942
_a
CAE NUST
_k
352.002 GOP
999
_c
297673
_d
297673